书目信息 |
| 题名: |
工业企业财务管理
|
|
| 作者: | 朱信诚 主编 | |
| 分册: | ||
| 出版信息: | 北京 中央广播电视大学出版社 1985 |
|
| 页数: | 377页 | |
| 开本: | 19cm | |
| 丛书名: | ||
| 单 册: | ||
| 中图分类: | F406.7 | |
| 科图分类: | ||
| 主题词: | 工业企业管理:财务管理 , 财务管理:工业企业管理 | |
| 电子资源: | ||
| ISBN: | ||
| 000 | 00655nam0 2200241 45 | |
| 001 | 0185002127 | |
| 005 | 20060808175304.10 | |
| 010 | @dCNY1.65 | |
| 091 | @aCN@b4300.81 | |
| 100 | @a19900816d1985 em y0chiy0121 ea | |
| 101 | 0 | @achi |
| 102 | @aCN@b110000 | |
| 105 | @ay z 000yy | |
| 200 | 10 | @a工业企业财务管理@Agong ye qi ye cai wu guan li@f朱信诚主编 |
| 210 | @a北京@c中央广播电视大学出版社@d1985 | |
| 215 | @a377页@d19cm | |
| 606 | @a工业企业管理:财务管理 | |
| 606 | @a财务管理:工业企业管理 | |
| 690 | @aF406.7@v3 | |
| 701 | 0 | @a朱信诚@Azhu xin cheng@4主编 |
| 801 | 2 | @aCN@bNLC@c20060808 |
| 801 | 0 | @aCN@bTSSF |
| 905 | @a10447@dF406.7@e112 | |
| 工业企业财务管理/朱信诚主编.-北京:中央广播电视大学出版社,1985 |
| 377页;19cm |
| ISBN :CNY1.65 |
| ● |
| 相关链接 |
|
|
|
|
正题名:工业企业财务管理
索取号:F406.7/112
 
预约/预借
| 序号 | 登录号 | 条形码 | 馆藏地/架位号 | 状态 | 备注 |
| 1 | 0447615 | 204476156 | 密集书库/ [索取号:F406.7/112] | 在馆 | |
| 2 | 0447616 | 204476165 | 密集书库/ [索取号:F406.7/112] | 在馆 | |
| 3 | 0447617 | 204476174 | 密集书库/ [索取号:F406.7/112] | 在馆 | |
| 4 | 0447618 | 204476183 | 密集书库/ [索取号:F406.7/112] | 在馆 |